Real Madrid - Tous les Joueurs (2015-2026) - Statistiques

Statistiques générales
  • Ce quiz a été pris 1 906 fois
    98 depuis la dernière actualisation
  • Le résultat moyen est 46 sur 69
Statistiques - réponses
Matchs Période Nationalité Joueur % Correct
438 2009-2018 Portugal Cristiano Ronaldo
96%
597 2012-2025 Croatie Luka Modric
96%
648 2009-2023 France Karim Benzema
95%
132 2023- Angleterre Jude Bellingham
94%
97 2024- France Kylian Mbappé
94%
671 2005-2021 Espagne Sergio Ramos
94%
329 2018- Belgique Thibaut Courtois
94%
465 2014-2024 Allemagne Toni Kroos
94%
368 2018- Brésil Vinicius Junior
94%
447 2013- Espagne Dani Carvajal
91%
258 2013-2022 Pays de Galles Gareth Bale
91%
43 2015-2019 Espagne Kiko Casilla
91%
334 2007-2017 Portugal Pepe
91%
297 2019- Brésil Rodrygo
91%
190 2022- France Aurélien Tchouaméni
90%
155 2019- Maroc Brahim Diaz
90%
367 2017- Uruguay Federico Valverde
90%
109 2023- Turquie Arda Güler
89%
336 2013-2022 Brésil Casemiro
89%
216 2021- France Eduardo Camavinga
89%
546 2007-2022 Brésil Marcelo
89%
162 2014-2019 Costa Rica Keylor Navas
86%
129 2021- Autriche David Alaba
85%
176 2022- Allemagne Antonio Rüdiger
84%
207 2019- France Ferland Mendy
84%
360 2011-2021 France Raphaël Varane
84%
125 2014-2020 Colombie James Rodriguez
83%
70 2018- Ukraine Andriy Lunin
81%
725 1999-2015 Espagne Iker Casillas
81%
17 2017-2020 Maroc Achraf Hakimi
79%
76 2019-2023 Belgique Eden Hazard
79%
84 2018-2023 République Dominicaine Mariano Diaz
79%
192 2019- Brésil Eder Militao
78%
11 2015-2021 Norvège Martin Odegaard
74%
109 2015-2019 Croatie Mateo Kovacic
72%
38 2024- Brésil Endrick
68%
402 2014-2025 Espagne Lucas Vazquez
68%
364 2011-2024 Espagne Nacho Fernandez
68%
28 2025- Argentine Franco Mastantuono
65%
106 2023- Espagne Fran Garcia
65%
353 2013-2022 Espagne Isco
64%
28 2025- Angleterre Trent Alexander-Arnold
64%
45 2023- Espagne Gonzalo Garcia
63%
286 2015-2023 Espagne Marco Asensio
63%
161 2010-2015 Allemagne Sami Khedira
63%
23 2017-2019 France Theo Hernandez
62%
37 2025- Espagne Álvaro Carreras
60%
40 2025- Espagne Dean Huijsen
60%
51 2019-2022 Serbie Luka Jovic
60%
10 2023-2025 Uruguay Alvaro Rodriguez
58%
214 2017- Espagne Dani Ceballos
58%
106 2011-2018 Portugal Fabio Coentrao
57%
33 2014-2015 Mexique Chicharito
54%
77 2024- Espagne Raul Asencio
52%
51 2023-2024 Espagne Joselu
49%
10 2026- Espagne Thiago Pitarch
44%
238 2004-2016 Espagne Alvaro Arbeloa
42%
95 2010-2017 Espagne Alvaro Morata
40%
35 2015-2025 Espagne Jesus Vallejo
40%
56 2015-2017 Brésil Danilo
35%
94 2011-2016 Espagne Jesé
31%
49 2018-2023 Espagne Alvaro Odriozola
23%
39 2015-2019 Espagne Marcos Llorente
23%
90 2013-2015 Espagne Asier Illaramendi
21%
20 2023-2024 Espagne Kepa Arrizabalaga
21%
33 2015-2022 Espagne Borja Mayoral
14%
22 2018-2020 Espagne Sergio Reguilon
14%
14 2020-2023 Espagne Sergio Arribas
6%
10 2021-2022 Espagne Miguel Gutiérrez
5%
Aucun quiz correspondant
Distribution des résultats
% des personnes avec chaque résultat
Percentile par nombre de réponses
Votre historique - résultats
Vous n’avez pas pris ce quiz depuis la dernière actualisation